Loading...

നിശ്ചലം /

Bibliographic Details
Main Author: Govindanunni, P M
Format: Printed Book
Language:Malayalam
Published: Thrissur : Current Books , 2003.
Subjects:
LEADER 00653nam a22001697a 4500
008 210227b ||||| |||| 00| 0 mal d
020 |a 8122603041 
082 |2 22  |a 851.65G3 
100 |a Govindanunni, P M 
245 |a നിശ്ചലം /  |c പി എം ഗോവിന്ദനുണ്ണി  
246 |a Nischalam 
260 |a Thrissur :  |b Current Books ,  |c 2003. 
300 |a 62p. ,  |c 22cm. 
653 |a Malayalam --poems 
942 |c BK 
999 |c 355343  |d 355343 
952 |0 0  |1 0  |2 ddc  |4 0  |6 851_000000000000000_65G3NIS_M  |7 0  |9 412469  |a UL  |b UL  |c PROC  |d 2021-02-27  |e Donation -I.G.Bhaskara Panikker Family  |o 851.65G3NIS M   |p G11725  |r 2021-02-27  |v 35.00  |w 2021-02-27  |y BK